Statistics for Spanish Colors

Click here to take the quiz!

General Stats

  • This quiz has been taken 1,913 times
  • The average score is 10 of 13

Answer Stats

HintAnswer% Correct
redrojo
96%
greenverde
93%
blueazul
92%
whiteblanco
92%
blacknegro
92%
yellowamarillo
83%
orangenaranja
80%
pinkrosa
79%
graygris
75%
goldoro
60%
brownmarron
55%
purplemorado
46%
silverplata
36%

Score Distribution

Percentile by Number Answered

Percent of People with Each Score

Your Score History

You have not taken this quiz